Missing Word: Famous Writing Teams Quiz Stats

 Plays Quiz not verified by Sporcle

Challenge
Share
Tweet
Embed
Score 0/28 Timer 05:00
0 Plays Today
Collaborators Missing (alphabetically) % Correct
The ______ sisters (Charlotte, Emily, Anne)Brontë
96.3%
John ______ & Paul McCartneyLennon
89.4%
Andrew Lloyd _____ & Tim RiceWebber
86.6%
Mick Jagger & Keith ________Richards
84.7%
Eric Idle, ____ Cleese, et al.John
83.8%
The Brothers _____ (Jacob & Wilhelm)Grimm
82.9%
____ Bacharach & Hal DavidBurt
74.1%
George & Ira ________Gershwin
74.1%
Richard _______ & Oscar HammersteinRodgers
74.1%
_____ John & Bernie TaupinElton
70.4%
Stephen Colbert, Jon _______, et al.Stewart
69.4%
Mel ______, Neil Simon, et al.Brooks
69%
Joel & _____ CoenEthan
63.9%
W.S. Gilbert & Arthur ________Sullivan
63%
Collaborators Missing (alphabetically) % Correct
Gerry Goffin & Carole ____King
62.5%
_______ Wordsworth & Samuel Taylor ColeridgeWilliam
62%
Stan ___ & Jack KirbyLee
60.6%
Al Franken, Lorne ________, et al.Michaels
59.7%
____ & Delia EphronNora
59.7%
Bob ________ & Carl BernsteinWoodward
48.6%
______ Bochco, David Milch et al.Steven
42.6%
_____ L. Brooks, Allan Burns, et al.James
42.1%
___________ & Jonathan NolanChristopher
39.4%
Alan Jay Lerner & Frederick _____Loewe
39.4%
_________ O'Hara, Andrea Martin, et al.Catherine
34.3%
Nickolas Ashford & Valerie _______Simpson
31.9%
Tex Avery, Chuck _____, et al.Jones
25.5%
_____ Siegel & Joe ShusterJerry
15.7%

You're not logged in!

Compare scores with friends on all Sporcle quizzes.
Join for Free
OR
Log In

You Might Also Like...

Show Comments

Extras

Top Quizzes Today


Score Distribution

Your Account Isn't Verified!

In order to create a playlist on Sporcle, you need to verify the email address you used during registration. Go to your Sporcle Settings to finish the process.

Report this User

Report this user for behavior that violates our Community Guidelines.

Details: